| 000 | 00720nam a2200181 a 4500 | ||
|---|---|---|---|
| 008 | 071018s1998 ||||||||||||||||| || u | ||
| 020 | _a082134207X | ||
| 050 | _aIBRD(02) | ||
| 110 | _aWorld Bank | ||
| 245 | 1 | 0 |
_aImplementing the Ethiopian National policy for women: institutional and regulatory issues _cThe Women's Affairs Office |
| 260 |
_aWashington, D. C. _bWorld Bank _c1998 |
||
| 300 | _aviii, 82p. | ||
| 350 | _a0.00 | ||
| 650 | _aWOMEN--LEGAL STATUS, LAWS, ETC.--ETHIOPIA | ||
| 650 | _aWOMEN | ||
| 650 | _aWOMEN--GOVERNMENT POLICY--ETHIOPIA | ||
| 995 |
_D0.00 _FCBU-MAIN LIBRARY (Kitwe) _H1 _I0.00 _M1 _UAVAILABLE _WOct 18, 2007 _ZAnnex Low-Usage Collection |
||
| 999 |
_c46440 _d46440 |
||